Merchant banking in ASEAN: a regional examination of its development and operations

Đã lưu trong:
書目詳細資料
主要作者: Skully, Michael T.
格式: 圖書
語言:Undetermined
出版: Kuala Lumpur Oxford University Press 1983
主題:
標簽: 添加標簽
沒有標簽, 成為第一個標記此記錄!
Thư viện lưu trữ: Trung tâm Học liệu Trường Đại học Cần Thơ
LEADER 00636nam a2200205Ia 4500
001 CTU_92055
008 210402s9999 xx 000 0 und d
082 |a 332.66 
082 |b S629 
100 |a Skully, Michael T. 
245 0 |a Merchant banking in ASEAN: 
245 2 |b a regional examination of its development and operations 
245 0 |c Michael T. Skully 
260 |a Kuala Lumpur 
260 |b Oxford University Press 
260 |c 1983 
650 |a merchant banks,financial institutions 
650 |z asia, southeastern,asia, southeastern 
904 |i Bằng 
980 |a Trung tâm Học liệu Trường Đại học Cần Thơ